| 000 | 00436nam a2200169 a 4500 | ||
|---|---|---|---|
| 001 | 0000-8810 | ||
| 003 | ELIB.Books | ||
| 008 | 110520 1963 | ||
| 035 | _a(ELIB.Books)0000-8956 | ||
| 082 |
_a230 _bRod |
||
| 100 | _aRoddy, Clarence S. | ||
| 245 | _aThings most surely Believed | ||
| 260 |
_bNew Jersey; Fleming H. Revell Company _c1963 |
||
| 650 | _aTheology | ||
| 942 |
_2ddc _cBK |
||
| 998 |
_cbat _e2011-05-20 |
||
| 999 |
_c8810 _d8810 |
||